|
|
|
|
| LEADER |
00000cam a2200000 7i4500 |
| 001 |
0000006244 |
| 002 |
000006741 |
| 005 |
20000330.0 |
| 020 |
|
|
|a 9679692620
|
| 090 |
0 |
0 |
|a C
|b LAT
|
| 100 |
0 |
|
|a Lat
|
| 245 |
1 |
0 |
|a Lat as usual
|c Lat
|
| 260 |
|
|
|a K.Lumpur :
|b Berita Publishing ,
|c 1994
|
| 300 |
|
|
|a 118p. ;
|c 21cm.
|
| 650 |
0 |
0 |
|a Cartoon and carricatures
|
| 999 |
|
|
|a 00068853
|b BUKU
|c CARTOON
|e PERPUSTAKAAN KOMUNITI PETALING JAYA
|
| 999 |
|
|
|a 0038996
|b BUKU
|c CARTOON
|e PERPUSTAKAAN KOMUNITI PETALING JAYA
|
| 999 |
|
|
|a 038995
|b BUKU
|c CARTOON
|e PERPUSTAKAAN KOMUNITI PETALING JAYA
|
| 999 |
|
|
|a 038997
|b BUKU
|c CARTOON
|e PERPUSTAKAAN KOMUNITI PETALING JAYA
|